आधुनिक विज्ञापन और जनसम्पर्क (Record no. 7765)

MARC details
000 -LEADER
fixed length control field 01559 a2200253 4500
005 - DATE AND TIME OF LATEST TRANSACTION
control field 20080918161547.0
008 - FIXED-LENGTH DATA ELEMENTS--GENERAL INFORMATION
fixed length control field 080918t xxu||||| |||| 00| 0 hin d
010 ## - LCCN (DPL NO)
LC control number HIN-81112 B-281260
020 ## - INTERNATIONAL STANDARD BOOK NUMBER
Terms of availability 200.00
International Standard Book Number 8179651223
035 ## - SYSTEM CONTROL NUMBER
System control number HN-53458 B-281260
037 ## - SOURCE OF ACQUISITION
Source of stock number/acquisition D.B.Act / pub
082 ## - DEWEY DECIMAL CLASSIFICATION NUMBER
Classification number 659.1
100 ## - MAIN ENTRY--PERSONAL NAME
Personal name भाटिया, तारेश
245 ## - TITLE STATEMENT
Title आधुनिक विज्ञापन और जनसम्पर्क
Statement of responsibility, etc संपादक तारेश भाटिया
246 ## - VARYING FORM OF TITLE
Title proper/short title Aadhunik Vigyapan aur Jansampark
Remainder of title by Ed: Taresh Bhatia
250 ## - EDITION STATEMENT
Edition statement 3रा संस्क
260 ## - PUBLICATION, DISTRIBUTION, ETC. (IMPRINT)
Place of publication, distribution, etc नई दिल्ली
Name of publisher, distributor, etc तक्षशिला प्रकाशन
Date of publication, distribution, etc 2007
270 ## - ADDRESS
Address 98-ए, हिन्दी पार्क, दरियागंज
City नई दिल्ली
Postal code 110002
Telephone number 011- 23258802, 65285328, 22513959
Fax number 011 23258767
300 ## - PHYSICAL DESCRIPTION
Extent 127पृ
Dimensions 22 सेमी (सजिल्द)
942 ## - ADDED ENTRY ELEMENTS (KOHA)
Institution code [OBSOLETE] dpl
Item type Hindi Books
Call number prefix 659.1 / भाटिया
Source of classification or shelving scheme Dewey Decimal Classification
Classification part 659.1
Call number suffix भाटिया
Holdings
Withdrawn status Lost status Source of classification or shelving scheme Damaged status Not for loan Home library Current library Date acquired Cost, normal purchase price Total Checkouts Full call number Barcode Date last seen Copy number Cost, replacement price Koha item type Collection code
    Dewey Decimal Classification     D.B.Act.Division D.B.Act.Division 18/09/2008 200.00   659.1 भाटिया HN-53458 15/09/2008 1 200.00 Hindi Books  
    Dewey Decimal Classification     Vinoba Puri Vinoba Puri 01/10/2008 200.00   659.1 भाटिया B-281260 01/10/2008 1 200.00 Hindi Books Non-fiction

© Delhi Public Library
Hit Counter
free hit counter